<?xml version="1.0" encoding="UTF-8"?>
<marc:record xmlns:marc="http://www.loc.gov/MARC21/slim">
   <marc:leader>00000nam a2200000 a 4500</marc:leader>
   <marc:datafield ind1="1" ind2=" " tag="100">
      <marc:subfield code="a">Lidell, Elisabeth</marc:subfield>
      <marc:subfield code="4">aut</marc:subfield>
      <marc:subfield code="e">Verfasser/-in</marc:subfield>
   </marc:datafield>
   <marc:datafield ind1="1" ind2=" " tag="100">
      <marc:subfield code="a">Schultz, Anette Foged</marc:subfield>
      <marc:subfield code="4">aut</marc:subfield>
      <marc:subfield code="e">Verfasser/-in</marc:subfield>
   </marc:datafield>
   <marc:datafield ind1="1" ind2=" " tag="100">
      <marc:subfield code="a">Lidell, Elisabeth</marc:subfield>
   </marc:datafield>
   <marc:datafield ind1=" " ind2=" " tag="653">
      <marc:subfield code="a">Wallfahrt</marc:subfield>
   </marc:datafield>
   <marc:datafield ind1=" " ind2=" " tag="653">
      <marc:subfield code="a">Wandern</marc:subfield>
   </marc:datafield>
   <marc:datafield ind1=" " ind2=" " tag="653">
      <marc:subfield code="a">Kind</marc:subfield>
   </marc:datafield>
   <marc:datafield ind1=" " ind2=" " tag="653">
      <marc:subfield code="a">Jugend</marc:subfield>
   </marc:datafield>
   <marc:datafield ind1=" " ind2=" " tag="653">
      <marc:subfield code="a">Gruppe</marc:subfield>
   </marc:datafield>
   <marc:datafield ind1=" " ind2=" " tag="653">
      <marc:subfield code="a">Softcover / Religion/Theologie/Praktische Theologie</marc:subfield>
   </marc:datafield>
   <marc:datafield ind1=" " ind2=" " tag="653">
      <marc:subfield code="a">Ratgeber</marc:subfield>
   </marc:datafield>
   <marc:datafield ind1="0" ind2="0" tag="245">
      <marc:subfield code="a">Dem Glauben Beine machen</marc:subfield>
   </marc:datafield>
   <marc:datafield ind1="0" ind2="0" tag="245">
      <marc:subfield code="b">Pilgerwanderungen mit Kindern und Jugendlichen ; [inklusive CD-ROM</marc:subfield>
   </marc:datafield>
   <marc:datafield ind1="0" ind2="0" tag="245">
      <marc:subfield code="c">Elisabeth Lidell ; Anette Foged Schultz. Aus dem Dän. übers. von Hannah Palme. Hrsg. der dt. Ausg.: Marcus A. Friedrich</marc:subfield>
   </marc:datafield>
   <marc:datafield ind1=" " ind2="1" tag="264">
      <marc:subfield code="a">Gütersloh</marc:subfield>
      <marc:subfield code="b">Gütersloher Verl.-Haus</marc:subfield>
      <marc:subfield code="c">2010</marc:subfield>
   </marc:datafield>
   <marc:datafield ind1=" " ind2=" " tag="250">
      <marc:subfield code="a">1. Aufl.</marc:subfield>
   </marc:datafield>
   <marc:datafield ind1="1" ind2=" " tag="520">
      <marc:subfield code="a">Angaben aus der Verlagsmeldung

Dem Glauben Beine machen : Pilgerwanderungen mit Kindern und Jugendlichen / von Elisabeth Lidell, Anette Foged Schultz

Eine umfassende Einführung in die Grundlagen des Pilgerns mit Gruppen&lt;br /&gt;
&lt;br /&gt;- Mit vielen Anregungen und Entwürfen für die Umsetzung von Pilgerwanderungen in der Gemeinde, v.a. auch für die Konfirmandenarbeit&lt;br /&gt;
&lt;br /&gt;- Eine praktische Theologie des Pilgerns&lt;br /&gt;
&lt;br /&gt;»Dem Glauben Beine machen« ist ein Buch aus der Praxis für die Praxis, das in die Grundlagen des Pilgerns mit Gruppen einführt und eine Fülle von Ideen zum Pilgern mit Kindern und Jugendlichen zusammenträgt. Neben grundlegenden Überlegungen, gleichsam einer praktischen Theologie des Pilgerns, enthält das Buch viele Anregungen und Entwürfe für die Umsetzung von Pilgerwanderungen in der Gemeindearbeit, v.a. auch für die Konfirmandenarbeit.&lt;br /&gt;
&lt;br /&gt;»Ein Pilger »geht hinaus in das Innere«. In einer Zeit der vielen und schnellen Veränderungen, der endlosen Flut an Informationen, des hohen Tempos und der überfüllten Terminkalender steht der Pilgergedanke für einen anderen Lebensstil, in dem Zeit für Stille, zum Nachdenken, für Langsamkeit, Schlichtheit und innere Ruhe zugelassen wird.« (Aus der Einleitung von Elisabeth Lidell)&lt;br /&gt;
&lt;br /&gt;
</marc:subfield>
   </marc:datafield>
   <marc:datafield ind1=" " ind2=" " tag="020">
      <marc:subfield code="a">9783579059181</marc:subfield>
      <marc:subfield code="9">9783579059181</marc:subfield>
   </marc:datafield>
   <marc:datafield ind1=" " ind2=" " tag="041">
      <marc:subfield code="a">ger</marc:subfield>
   </marc:datafield>
   <marc:datafield ind1=" " ind2=" " tag="300">
      <marc:subfield code="a">239 S.</marc:subfield>
   </marc:datafield>
</marc:record>
